| 000 | 00358nam a2200133Ia 4500 | ||
|---|---|---|---|
| 008 | 210210b1988 xxu||||| |||| 00| 0 eng d | ||
| 082 | _a338.954 BHAI | ||
| 100 | _aBHATIA (H L). | ||
| 245 | _aIndian economy: issues and policies. | ||
| 260 |
_aND _bVikas Publishing House Pvt Ltd. _c1988 |
||
| 300 | _axiii,751 | ||
| 690 | _aIndian Economics | ||
| 906 | _a042488 | ||
| 999 |
_c92188 _d92188 |
||